000 02584cgm a2200553 a 4500
003 OCoLC
005 20241220102850.0
007 vd cgadzq
008 010619p20011993cau130 g vleng d
001 47151448
020 _a0790760290 :
_c$24.98
024 1 _a085392112227
028 4 2 _a21122
_bWarner Home Video
035 _a(Sirsi) i9780790760292
040 _aOMP
_cOMP
_dTEF
_dJED
_dSPP
041 0 _aengfre
_bengfre
043 _an-us-il
049 _aSPPA
099 _aDVD
092 _a791.437
245 0 4 _aThe fugitive
_h[videorecording] /
_cproduced by Arnold Kopelson ; story by David Twohy ; screenplay by Jeb Stuart and David Twohy ; directed by Andrew Davis.
250 _aWidescreen version.
260 _aBurbank, CA :
_bWarner Home Video,
_c[2001], c1993.
300 _a1 videodisc (130 min.) :
_bsd., col. ;
_c4 3/4 in. +
_e1 scene index.
500 _aDVD release of the 1993 motion picture.
500 _aBased on the characters created by Roy Huggins.
500 _aSpecial features: behind-the-scenes documentaries "Derailed: anatomy of a train wreck" and "On the run"; feature-length audio commentary by Tommy Lee Jones and director Andrew Davis ; all-new introduction with the film's stars and creators ; interactive menus, cast/filmmaker film highlights ; theatrical trailer ; scene access.
508 _aDirector of photography, Michael Chapman ; editor, Dennis Virkler, David Finfer ; music, James Newton Howard ; production designer, Dennis Washington.
511 1 _aHarrison Ford, Tommy Lee Jones, Sela Ward, Joe Pantoliano, Andreas Katsulas, Jeroen Krabbe.
520 _aA Chicago surgeon falsely convicted of killing his wife is determined to prove his innocence by leading his pursuers to the one-armed man who actually committed the crime.
521 8 _aMPAA rating: PG-13.
538 _aDVD; has Dolby surround sound.
540 _aHome use only.
546 _aClosed captioned for the hearing impaired. English or French dialogue. English or French subtitles.
655 0 _aFeature films.
_96086724
650 0 _aVideo recordings for the hearing impaired.
_96086725
700 1 _aDavis, Andrew,
_d1946-
_940645
700 1 _aFord, Harrison,
_d1942-
_921898
700 1 _aJones, Tommy Lee,
_d1946-
_959612
700 1 _aWard, Sela.
_961779
700 1 _aPantoliano, Joe.
_963990
700 1 _aKatsulas, Andreas.
_967301
700 1 _aKrabbé, Jeroen,
_d1944-
_96086726
710 2 _aWarner Bros.
_912114
710 2 _aWarner Home Video (Firm)
_961103
942 _cDVD
_0169
979 _a248369
998 _aa4662
999 _c2252
_d2252